00334nam a2200133Ia 4500003000400000008004100004040001600045082001900061100002300080245003500103260004300138300000700181650001200188GCL140319s9999 xx 000 0 eng d aGCL / cGCL04aCHb028.5bL B1 aLIBRAIRIE DU LIBAN10aCARPETS / cLIBRAIRIE DU LIBAN a[S.N] : bLIBRAIRIE DU LIBAN ، c1991 a3204aCARPETS